Sports Quiz

Random Sports or MLB Quiz

.333 Batting Average, 33 Homers Quiz Stats

 Plays Quiz Updated Aug 27, 2014

Support Sporcle.
Go Orange.
Score 0/100 Timer 10:00
11 Plays Today
Year Player % Correct
1932Babe Ruth
92.5%
1931Babe Ruth
92.5%
1930Babe Ruth
92.5%
1929Babe Ruth
92.5%
1927Babe Ruth
92.5%
1926Babe Ruth
92.5%
1924Babe Ruth
92.5%
1923Babe Ruth
92.5%
1921Babe Ruth
92.5%
1920Babe Ruth
92.5%
2004Barry Bonds
88.6%
2003Barry Bonds
88.6%
2002Barry Bonds
88.6%
1993Barry Bonds
88.6%
1957Ted Williams
85.8%
1949Ted Williams
85.8%
1946Ted Williams
85.8%
1942Ted Williams
85.8%
1941Ted Williams
85.8%
1972Billy Williams
85.1%
1996Alex Rodriguez
83.4%
1957Mickey Mantle
82.7%
1956Mickey Mantle
82.7%
2013Miguel Cabrera
82.4%
1937Lou Gehrig
81.1%
1936Lou Gehrig
81.1%
1934Lou Gehrig
81.1%
1932Lou Gehrig
81.1%
1931Lou Gehrig
81.1%
1930Lou Gehrig
81.1%
1927Lou Gehrig
81.1%
2008Albert Pujols
78.9%
2003Albert Pujols
78.9%
1957Willie Mays
76.4%
Year Player % Correct
1954Willie Mays
76.4%
1959Hank Aaron
72.5%
1937Joe DiMaggio
70.2%
2002Manny Ramirez
68.7%
2000Manny Ramirez
68.7%
1999Manny Ramirez
68.7%
1939Jimmie Foxx
67%
1938Jimmie Foxx
67%
1936Jimmie Foxx
67%
1935Jimmie Foxx
67%
1934Jimmie Foxx
67%
1933Jimmie Foxx
67%
1932Jimmie Foxx
67%
1930Jimmie Foxx
67%
1929Jimmie Foxx
67%
1997Frank Thomas
63.9%
1996Frank Thomas
63.9%
1994Frank Thomas
63.9%
2001Larry Walker
63.4%
1999Larry Walker
63.4%
1997Larry Walker
63.4%
2003Todd Helton
62.9%
2001Todd Helton
62.9%
2000Todd Helton
62.9%
2010Carlos Gonzalez
62.3%
1949Stan Musial
59.3%
1948Stan Musial
59.3%
1994Jeff Bagwell
57.6%
1962Frank Robinson
55.7%
1940Hank Greenberg
49.9%
1937Hank Greenberg
49.9%
1929Rogers Hornsby
49.2%
1925Rogers Hornsby
49.2%
1922Rogers Hornsby
49.2%
Year Player % Correct
1994Albert Belle
48%
1930Hack Wilson
48%
1929Hack Wilson
48%
2004Vladimir Guerrero
46.3%
2002Vladimir Guerrero
46.3%
2000Vladimir Guerrero
46.3%
1997Mike Piazza
41.8%
1996Mike Piazza
41.8%
2004Adrian Beltre
39.6%
2001Jason Giambi
39%
2000Jason Giambi
39%
1954Duke Snider
38.5%
1953Duke Snider
38.5%
1995Dante Bichette
37.6%
2000Carlos Delgado
35.6%
1998Mo Vaughn
34.2%
2005Derrek Lee
32.4%
2000Jeff Kent
29%
2007Matt Holliday
27.2%
1932Chuck Klein
24.8%
1930Chuck Klein
24.8%
1929Chuck Klein
24.8%
1961Norm Cash
23.8%
1930Al Simmons
23.8%
1929Al Simmons
23.8%
1979Fred Lynn
22.7%
1996Ellis Burks
22.1%
1953Al Rosen
15.3%
1934Ripper Collins
10.2%
1936Hal Trosky
9.5%
1930Babe Herman
8.1%
1930Gabby Hartnett
7.4%

You're not logged in!

Compare scores with friends on all Sporcle quizzes.
OR
Log In

From the Vault

Click the 'E' Flags

by mg10

Instructions unclear, ended up making a flag with a giant E on it.
Remove Ads.
Support Sporcle.
Get the best of Sporcle when you Go Orange. This ad-free experience offers more features, more stats, and more fun while also helping to support Sporcle. Thank you for becoming a member.

Show Comments

Extras

Top Quizzes Today


Score Distribution

Your Account Isn't Verified!

In order to create a playlist on Sporcle, you need to verify the email address you used during registration. Go to your Sporcle Settings to finish the process.

Report this User

Report this user for behavior that violates our Community Guidelines.

Details: